000 00382nam a2200181Ia 4500
001 14444
005 20260306164914.0
008 260306t2007||||xx |||||||||||||| ||spa||
041 _aESP
082 _a515
_bP687
100 _aPurcell, Edwin J.
_eAUT
245 0 _aCálculo
260 _c2007
300 _a
_c
650 _aGEN
654 _aCMA
942 _cLIB
_dJUS
_fJUS
_2ddc
_n
999 _c14444
_d14444